Szállodák teljesítményének komplex értékelési módszertana az európai piacon

Bibliográfiai részletek
Szerző: Horváth Gabriella
További közreműködők: Kormány Balázs
Dokumentumtípus: Diplomadolgozat
Kulcsszavak:szállodai teljesítménymutatók
magyar szállodapiac
európai szállodapiac
szállodai hitelkérelem
szállodai árképzés
Online Access:http://dolgozattar.uni-bge.hu/16976

MARC

LEADER 00000nta a2200000 i 4500
001 dolg16976
005 20180911163302.0
008 180516suuuu hu om 000 hun d
040 |a BGE Dolgozattár Repozitórium  |b hun 
041 |a hu 
100 1 |a Horváth Gabriella 
245 1 0 |a Szállodák teljesítményének komplex értékelési módszertana az európai piacon  |c Horváth Gabriella  |h [elektronikus dokumentum] 
246 1 1 |a Szállodák teljesítményének komplex értékelési módszertana az európai piacon 
246 1 1 |a Comprehensive evaluation methodology for hotel performances in the European market 
695 |a szállodai teljesítménymutatók 
695 |a magyar szállodapiac 
695 |a európai szállodapiac 
695 |a szállodai hitelkérelem 
695 |a szállodai árképzés 
700 1 |a Kormány Balázs  |e ths 
856 4 0 |u http://dolgozattar.uni-bge.hu/16976/1/00_Szakdolgozat_dolgozatt%C3%A1r.pdf  |z Dokumentum-elérés